[Event "SWE-chT 2223 Elite"]
[Site "Sweden"]
[Date "2023.03.11"]
[Round "8.4"]
[White "Cicak, Slavko"]
[Black "Semcesen, Daniel"]
[Result "0-1"]
[WhiteElo "2470"]
[BlackElo "2472"]
[PlyCount "132"]
[EventDate "2022.10.14"]
[EventType "team-tourn"]
[EventRounds "9"]
[EventCountry "SWE"]
[SourceTitle "CBM 213 Extra"]
[Source "ChessBase"]
[SourceDate "2023.05.31"]
[SourceVersion "1"]
[SourceVersionDate "2023.05.31"]
[SourceQuality "1"]
[WhiteTeam "Kungstornet"]
[BlackTeam "Helsingborg"]
[WhiteTeamCountry "SWE"]
[BlackTeamCountry "SWE"]

1. e4 e5 2. Nf3 Nc6 3. Bb5 a6 4. Ba4 Nf6 5. d3 Bc5 6. c3 d6 7. Bg5 h6 8. Bh4 Ba7 9. Nbd2 Bd7 10. Nf1 g5 11. Bg3 h5 12. h4 g4 13. N3h2 Qe7 14. Qd2 d5 15. f3 0-0-0 16. Bf2 gxf3 17. gxf3 d4 18. Bxc6 Bxc6 19. c4 Bc5 20. a3 Qe6 21. Ng3 Bf8 22. Nf5 Ng8 23. Nf1 Ne7 24. N1g3 Ng6 25. 0-0-0 Ba4 26. Rdg1 b5 27. Qa5 Qc6 28. Kb1 bxc4 29. dxc4 Bb3 30. Rc1 Qb6 31. Qd2 Kb7 32. Ne2 Bc5 33. Ka1 Ka8 34. Qd3 Rd7 35. Rb1 Rb8 36. Nc1 c6 37. Be1 Nf4 38. Qxb3 Qxb3 39. Nxb3 Rxb3 40. Ka2 Rxf3 41. Rg1 d3 42. Rg8+ Kb7 43. Bc3 f6 44. Rd1 Nh3 45. Rg7 Rxg7 46. Nxg7 Nf2 47. Rf1 Be3 48. Be1 d2 49. Bxf2 Bxf2 50. Rd1 Be1 51. Nxh5 f5 52. Nf6 f4 53. Ng4 Rh3 54. Nxe5 Kc7 55. c5 f3 56. Nd3 f2 57. Nxf2 Bxf2 58. Rxd2 Bxc5 59. Rg2 Rxh4 60. Rg7+ Kb6 61. b4 Bd6 62. Rd7 Be5 63. Re7 Rxe4 64. a4 a5 65. bxa5+ Kxa5 66. Ra7+ Kb6 0-1

[Event "SWE-chT 2223 Elite"]
[Site "Sweden"]
[Date "2022.10.15"]
[Round "2.2"]
[White "Cicak, Slavko"]
[Black "Livner, Anders"]
[Result "1-0"]
[WhiteElo "2470"]
[BlackElo "2359"]
[PlyCount "75"]
[EventDate "2022.10.14"]
[EventType "team-tourn"]
[EventRounds "9"]
[EventCountry "SWE"]
[SourceTitle "CBM 210 Extra"]
[Source "ChessBase"]
[SourceDate "2022.11.30"]
[SourceVersion "1"]
[SourceVersionDate "2022.11.30"]
[SourceQuality "1"]
[WhiteTeam "Kungstornet"]
[BlackTeam "Farsta"]
[WhiteTeamCountry "SWE"]
[BlackTeamCountry "SWE"]

1. c4 e6 2. Nf3 d5 3. e3 Nf6 4. b3 c5 5. cxd5 exd5 6. Bb5+ Bd7 7. Bxd7+ Qxd7 8. Bb2 Be7 9. 0-0 Nc6 10. d4 cxd4 11. Nxd4 0-0 12. Nc3 Rfd8 13. Qd3 Rac8 14. Rfd1 Nxd4 15. Qxd4 Bc5 16. Qf4 Qe6 17. Nb5 Ne4 18. Nc7 Qc6 19. Nxd5 Qe6 20. Qe5 Qxe5 21. Bxe5 Ba3 22. f3 Ng5 23. Rd3 f6 24. Bg3 Kf7 25. Rad1 Ne6 26. b4 Bc1 27. e4 Rc2 28. f4 Bb2 29. h4 Rdc8 30. Ne3 R2c3 31. Rd7+ Kf8 32. Kf2 Bc1 33. Nd5 Rc2+ 34. Kg1 Bb2 35. f5 Nd4 36. Bd6+ Ke8 37. Rxg7 Ne2+ 38. Kf1 1-0

[Event "BL2-Sued 2122"]
[Site "Germany"]
[Date "2022.05.14"]
[Round "5.5"]
[White "Mueller, Ralf1111"]
[Black "Cicak, Slavko"]
[Result "1-0"]
[WhiteElo "2341"]
[BlackElo "2486"]
[PlyCount "123"]
[EventDate "2022.03.05"]
[EventType "team-tourn"]
[EventRounds "10"]
[EventCountry "GER"]
[SourceTitle "EXT 2023"]
[Source "ChessBase"]
[SourceDate "2022.10.05"]
[SourceVersion "1"]
[SourceVersionDate "2022.10.05"]
[SourceQuality "1"]
[WhiteTeam "Boeblingen"]
[BlackTeam "Schott Mainz"]
[WhiteTeamCountry "GER"]
[BlackTeamCountry "GER"]

1. d4 Nf6 2. c4 g6 3. Nf3 Bg7 4. g3 0-0 5. Bg2 d6 6. 0-0 Bd7 7. Nc3 Qc8 8. e4 Bg4 9. Bg5 Nc6 10. Qd2 Nd7 11. d5 Nce5 12. Nxe5 Nxe5 13. f3 Bh3 14. b3 Re8 15. Be3 c5 16. Bh6 Bh8 17. g4 Bxg2 18. Kxg2 a6 19. Rac1 Qc7 20. Qe2 e6 21. h4 b5 22. cxb5 c4 23. dxe6 fxe6 24. bxc4 Qxc4 25. Qxc4 Nxc4 26. bxa6 Rxa6 27. Rf2 Rb8 28. Nb5 Ra4 29. Rfc2 d5 30. exd5 exd5 31. Nc7 Bb2 32. Rd1 Bg7 33. Bc1 d4 34. Ne6 Bf6 35. g5 Bh8 36. Nc5 Na3 37. Re2 Ra7 38. Rde1 Bg7 39. Bf4 Rc8 40. Re8+ Rxe8 41. Rxe8+ Kf7 42. Rb8 Nc4 43. Kf1 Bf8 44. Nb7 Ke6 45. Rxf8 Rxb7 46. Rd8 Rd7 47. Rxd7 Kxd7 48. Ke2 Kc6 49. a4 Kd5 50. Bd2 Ne5 51. f4 Nd7 52. a5 Nc5 53. Kf3 Na6 54. Be1 Nc5 55. Bb4 Na6 56. Bf8 Nc7 57. Bg7 Na6 58. f5 gxf5 59. h5 Nc7 60. Bxd4 Kxd4 61. g6 hxg6 62. h6 1-0

[Event "SWE-chT 2122 Elite"]
[Site "Sweden"]
[Date "2022.03.20"]
[Round "5.3"]
[White "Hauge, Lars Oskar"]
[Black "Cicak, Slavko"]
[Result "1-0"]
[WhiteElo "2514"]
[BlackElo "2488"]
[PlyCount "49"]
[EventDate "2021.12.03"]
[EventType "team-tourn"]
[EventRounds "9"]
[EventCountry "SWE"]
[SourceTitle "EXT 2023"]
[Source "ChessBase"]
[SourceDate "2022.10.05"]
[SourceVersion "1"]
[SourceVersionDate "2022.10.05"]
[SourceQuality "1"]
[WhiteTeam "Stockholm CC"]
[BlackTeam "Kungstornet"]
[WhiteTeamCountry "SWE"]
[BlackTeamCountry "SWE"]

1. f4 d5 2. Nf3 Nc6 3. e3 Bg4 4. d4 e6 5. Be2 Nf6 6. 0-0 Bd6 7. c4 dxc4 8. Nc3 0-0 9. h3 Bh5 10. g4 Bg6 11. Ne5 Ne4 12. Nxg6 Nxc3 13. bxc3 hxg6 14. e4 Na5 15. e5 Be7 16. f5 gxf5 17. gxf5 exf5 18. Rxf5 c6 19. Bf3 Re8 20. Be4 Bf8 21. Bg5 Qd7 22. Bf6 g6 23. Qh5 Bg7 24. Qh4 Re6 25. Raf1 1-0

[Event "BL2-West 1920"]
[Site "Germany"]
[Date "2020.03.01"]
[Round "7.4"]
[White "Omelja, Artem"]
[Black "Cicak, Slavko"]
[Result "1/2-1/2"]
[WhiteElo "2499"]
[BlackElo "2482"]
[PlyCount "148"]
[EventDate "2019.09.19"]
[EventType "team-tourn"]
[EventRounds "9"]
[EventCountry "GER"]
[SourceTitle "EXT 2023"]
[Source "ChessBase"]
[SourceDate "2022.10.05"]
[SourceVersion "1"]
[SourceVersionDate "2022.10.05"]
[SourceQuality "1"]
[WhiteTeam "Siegburg"]
[BlackTeam "Schott Mainz"]
[WhiteTeamCountry "GER"]
[BlackTeamCountry "GER"]

1. d4 g6 2. e4 Bg7 3. Nc3 c6 4. h3 d6 5. Nf3 b5 6. Be3 Nd7 7. Bd3 Bb7 8. a4 a6 9. 0-0 e5 10. axb5 cxb5 11. d5 Ngf6 12. Nd2 Nc5 13. b4 Nxd3 14. cxd3 Rc8 15. Qb3 Nh5 16. Ne2 f5 17. f3 Nf4 18. Bxf4 exf4 19. d4 0-0 20. Qd3 Qb6 21. Rac1 Rce8 22. Nb3 fxe4 23. fxe4 g5 24. Na5 Bc8 25. Nc6 Qc7 26. Kh2 Qf7 27. Ng1 Qg6 28. Rce1 h5 29. Qc3 g4 30. e5 dxe5 31. dxe5 Bb7 32. Qc5 Bxc6 33. dxc6 Qe6 34. c7 Rf7 35. Re4 Rc8 36. Qd6 Re7 37. hxg4 hxg4 38. Ne2 f3 39. Qxe6+ Rxe6 40. gxf3 gxf3 41. Rxf3 Rxe5 42. Rxe5 Bxe5+ 43. Kg2 Rxc7 44. Ra3 Rc6 45. Kf3 Kf7 46. Ke4 Ke6 47. Nd4+ Bxd4 48. Kxd4 Kd6 49. Kd3 Kd5 50. Ra1 Kd6 51. Rh1 Kc7 52. Rh8 Kb7 53. Rh7+ Kb6 54. Rh8 Rg6 55. Kc3 Kc6 56. Kb3 Rg3+ 57. Kb2 Kd5 58. Rh5+ Kd4 59. Rh4+ Kd5 60. Rh5+ Kc4 61. Rh4+ Kd3 62. Rh6 Re3 63. Rc6 Re1 64. Rc3+ Kd4 65. Rc6 Kd5 66. Rc5+ Kd6 67. Rh5 Re5 68. Rh8 Kd5 69. Rc8 Re6 70. Rc5+ Kd4 71. Rc8 Rd6 72. Kb3 Kd5 73. Rc5+ Kd4 74. Rc8 Kd5 1/2-1/2

[Event "BL2-West 1920"]
[Site "Germany"]
[Date "2020.01.19"]
[Round "5.4"]
[White "Braun, Christian1111"]
[Black "Cicak, Slavko"]
[Result "0-1"]
[WhiteElo "2412"]
[BlackElo "2482"]
[PlyCount "126"]
[EventDate "2019.09.19"]
[EventType "team-tourn"]
[EventRounds "9"]
[EventCountry "GER"]
[SourceTitle "EXT 2023"]
[Source "ChessBase"]
[SourceDate "2022.10.05"]
[SourceVersion "1"]
[SourceVersionDate "2022.10.05"]
[SourceQuality "1"]
[WhiteTeam "Koeln Porz"]
[BlackTeam "Schott Mainz"]
[WhiteTeamCountry "GER"]
[BlackTeamCountry "GER"]

1. e4 c5 2. Nf3 d6 3. g3 Nc6 4. Bg2 Bg4 5. d3 g6 6. Nbd2 Bh6 7. h3 Bxf3 8. Nxf3 Bxc1 9. Qxc1 Kf8 10. 0-0 Kg7 11. Re1 e5 12. c3 Nf6 13. Qd2 b5 14. d4 cxd4 15. cxd4 Qb6 16. Rac1 Rhe8 17. d5 Na5 18. h4 Rac8 19. Qe2 b4 20. Bh3 Rxc1 21. Rxc1 b3 22. axb3 Nxb3 23. Rc6 Nd4 24. Nxd4 Qxd4 25. Rc4 Qb6 26. b4 a5 27. bxa5 Qxa5 28. Rc6 Qb4 29. Rc4 Qb1+ 30. Qf1 Qb2 31. Ra4 Rb8 32. Qc4 Qd2 33. Qf1 Rb2 34. Rc4 Ra2 35. Bc8 Nh5 36. Qg2 Qd1+ 37. Qf1 Qf3 38. Qg2 Qd1+ 39. Qf1 Qb3 40. Bh3 Rxf2 41. Kxf2 Qxg3+ 42. Ke2 Nf4+ 43. Kd2 Nxh3 44. Rc3 Qh2+ 45. Qe2 Qf4+ 46. Qe3 Qh2+ 47. Qe2 Nf2 48. Ke1 Qg1+ 49. Kd2 Ng4 50. Rc6 Nf6 51. Rc4 Qg3 52. Qe1 Qh2+ 53. Kc1 Qf4+ 54. Kb2 Nxd5 55. Qc1 Ne3 56. Rc3 Qf2+ 57. Ka1 Ng2 58. h5 Nf4 59. hxg6 hxg6 60. Rc7 Qd4+ 61. Qc3 Qxe4 62. Qc4 Qxc4 63. Rxc4 g5 0-1

[Event "MNT-chT 1st League"]
[Site "Podgorica"]
[Date "2019.07.26"]
[Round "7.2"]
[White "Cicak, Slavko"]
[Black "Kosic, Dragan"]
[Result "1/2-1/2"]
[WhiteElo "2481"]
[BlackElo "2482"]
[PlyCount "51"]
[EventDate "2019.07.20"]
[EventType "team-tourn"]
[EventRounds "9"]
[EventCountry "MNE"]
[SourceTitle "EXT 2020"]
[Source "ChessBase"]
[SourceDate "2019.10.17"]
[SourceVersion "1"]
[SourceVersionDate "2019.10.17"]
[SourceQuality "1"]
[WhiteTeam "Buducnost"]
[BlackTeam "Crnogorac"]
[WhiteTeamCountry "MNE"]
[BlackTeamCountry "MNE"]

1. c4 e6 2. Nf3 Nf6 3. b3 d5 4. e3 b6 5. Bb2 Bb7 6. Be2 Nbd7 7. 0-0 Bd6 8. cxd5 exd5 9. Nd4 c5 10. Nf5 Bf8 11. d4 g6 12. Ng3 Bg7 13. dxc5 bxc5 14. Nc3 0-0 15. Na4 Rc8 16. Rc1 Re8 17. Bb5 Qa5 18. Bxd7 Nxd7 19. Bxg7 Kxg7 20. Qg4 Nf6 21. Qf4 Ne4 22. Nxe4 Rxe4 23. Qd6 c4 24. Nc3 Re6 25. Qf4 Kg8 26. bxc4 1/2-1/2

[Event "MNT-chT 1st League"]
[Site "Podgorica"]
[Date "2019.07.23"]
[Round "4.2"]
[White "Vlatkovic, Milos"]
[Black "Cicak, Slavko"]
[Result "1-0"]
[WhiteElo "2308"]
[BlackElo "2481"]
[PlyCount "123"]
[EventDate "2019.07.20"]
[EventType "team-tourn"]
[EventRounds "9"]
[EventCountry "MNE"]
[SourceTitle "EXT 2020"]
[Source "ChessBase"]
[SourceDate "2019.10.17"]
[SourceVersion "1"]
[SourceVersionDate "2019.10.17"]
[SourceQuality "1"]
[WhiteTeam "Kotor"]
[BlackTeam "Buducnost"]
[WhiteTeamCountry "MNE"]
[BlackTeamCountry "MNE"]

1. d4 Nf6 2. Nf3 g6 3. Bg5 Bg7 4. Nbd2 d6 5. c3 h6 6. Bh4 g5 7. Bg3 Nh5 8. e4 e6 9. Nc4 Nxg3 10. hxg3 g4 11. Nfd2 Qg5 12. Bd3 Nc6 13. Qe2 h5 14. Qe3 Qe7 15. d5 exd5 16. exd5 Qxe3+ 17. Nxe3 Ne7 18. 0-0-0 Bd7 19. Rde1 0-0-0 20. Nxg4 Nxd5 21. Ne3 Nxe3 22. Rxe3 Bc6 23. Rh2 Bf6 24. Nf3 Bd5 25. Kb1 Be6 26. Nd4 Kd7 27. Nf5 c5 28. Re1 c4 29. Bc2 b5 30. a3 a5 31. Rd1 Kc7 32. Nd4 Rb8 33. a4 Bxd4 34. Rxd4 b4 35. Kc1 Rb6 36. g4 h4 37. g5 Rhb8 38. Rdxh4 bxc3 39. bxc3 Rb2 40. g4 Ra2 41. f4 Ra1+ 42. Kd2 Rb2 43. f5 Bd5 44. Ke3 Re1+ 45. Kd2 Rg1 46. Re2 Bf3 47. Re7+ Kc6 48. Rh2 Bxg4 49. Rxf7 Bd1 50. Ke3 Rg3+ 51. Ke4 Rg4+ 52. Ke3 Bxc2 53. g6 Kd5 54. Rd2+ Ke5 55. g7 Rg3+ 56. Kf2 Kf4 57. f6 Bg6 58. Rxb2 Bxf7 59. Rb7 Rf3+ 60. Ke1 Re3+ 61. Kd2 Rd3+ 62. Kc2 1-0

[Event "MNT-chT 1st League"]
[Site "Podgorica"]
[Date "2019.07.21"]
[Round "2.2"]
[White "Cicak, Slavko"]
[Black "Vuckovic, Marko1111"]
[Result "1-0"]
[WhiteElo "2481"]
[BlackElo "2009"]
[PlyCount "51"]
[EventDate "2019.07.20"]
[EventType "team-tourn"]
[EventRounds "9"]
[EventCountry "MNE"]
[SourceTitle "EXT 2020"]
[Source "ChessBase"]
[SourceDate "2019.10.17"]
[SourceVersion "1"]
[SourceVersionDate "2019.10.17"]
[SourceQuality "1"]
[WhiteTeam "Buducnost"]
[BlackTeam "Buducnost Omladinac"]
[WhiteTeamCountry "MNE"]
[BlackTeamCountry "MNE"]

1. c4 c5 2. b3 Nc6 3. Bb2 Nf6 4. Bxf6 exf6 5. Nc3 g6 6. g3 Bg7 7. e3 0-0 8. Nge2 d6 9. Bg2 Bg4 10. h3 Bf5 11. d4 Na5 12. 0-0 Rb8 13. Qd2 a6 14. Rfd1 b6 15. Nf4 Qc8 16. Na4 cxd4 17. Nd5 Nc6 18. Ndxb6 Qc7 19. Nd5 Qc8 20. exd4 Re8 21. Re1 Re6 22. g4 Rxe1+ 23. Rxe1 Bd7 24. Qf4 Qd8 25. Qxd6 Nxd4 26. Ne7+ 1-0

[Event "MNT-chT 1st League"]
[Site "Podgorica"]
[Date "2019.07.20"]
[Round "1.2"]
[White "Lekic, Dusan"]
[Black "Cicak, Slavko"]
[Result "1/2-1/2"]
[WhiteElo "2343"]
[BlackElo "2481"]
[PlyCount "88"]
[EventDate "2019.07.20"]
[EventType "team-tourn"]
[EventRounds "9"]
[EventCountry "MNE"]
[SourceTitle "EXT 2020"]
[Source "ChessBase"]
[SourceDate "2019.10.17"]
[SourceVersion "1"]
[SourceVersionDate "2019.10.17"]
[SourceQuality "1"]
[WhiteTeam "Mimoza"]
[BlackTeam "Buducnost"]
[WhiteTeamCountry "MNE"]
[BlackTeamCountry "MNE"]

1. d4 g6 2. e4 Bg7 3. Nc3 c6 4. Bc4 d6 5. Nf3 Nf6 6. Bb3 0-0 7. h3 b5 8. a3 a6 9. Bg5 Nfd7 10. 0-0 c5 11. dxc5 Nxc5 12. Bd5 Ra7 13. Qd2 Nbd7 14. Rad1 Rc7 15. Bh6 Nf6 16. e5 Ne8 17. Rfe1 e6 18. Ba2 Rd7 19. Bxg7 Kxg7 20. Qd4 Nb7 21. Qe3 Qc7 22. Rd4 h6 23. Red1 d5 24. Rh4 Rh8 25. Nd4 Na5 26. Nce2 Nc4 27. Bxc4 dxc4 28. Nf4 Rd8 29. c3 Qe7 30. Qg3 Kh7 31. Rg4 Ng7 32. Re1 Bb7 33. h4 Rhg8 34. Rxg6 Nh5 35. Nxh5 Rxg6 36. Qf4 Bxg2 37. Nf6+ Kg7 38. Re3 Ba8+ 39. Rg3 Rh8 40. Nh5+ Kh7 41. Nf6+ Kg7 42. Nh5+ Kh7 43. Nf6+ Kg7 44. Nh5+ Kh7 1/2-1/2

[Event "BL2-West 1819"]
[Site "Germany"]
[Date "2019.02.24"]
[Round "7.4"]
[White "Schlamp, Robert"]
[Black "Cicak, Slavko"]
[Result "0-1"]
[WhiteElo "2294"]
[BlackElo "2483"]
[PlyCount "56"]
[EventDate "2018.11.21"]
[EventType "team-tourn"]
[EventRounds "9"]
[EventCountry "GER"]
[SourceTitle "CBM 190 Extra"]
[Source "ChessBase"]
[SourceDate "2019.07.15"]
[SourceVersion "1"]
[SourceVersionDate "2019.07.15"]
[SourceQuality "1"]
[WhiteTeam "Oberursel"]
[BlackTeam "Mainz Schott"]
[WhiteTeamCountry "GER"]
[BlackTeamCountry "GER"]

1. Nf3 c5 2. e4 d6 3. g3 Nf6 4. d3 Nc6 5. Bg2 g6 6. 0-0 Bg4 7. h3 Bxf3 8. Bxf3 h5 9. c3 Bh6 10. Bxh6 Rxh6 11. Qd2 Rh8 12. a3 e5 13. b4 h4 14. g4 Nh7 15. Bg2 Ng5 16. f4 Ne6 17. b5 Na5 18. f5 Nf4 19. Qd1 c4 20. d4 g5 21. a4 Qb6 22. Na3 exd4 23. cxd4 Nd3 24. Kh1 Qxd4 25. Ra2 f6 26. b6 a6 27. Rc2 Rc8 28. Qb1 Rc6 0-1

[Event "BL2-West 1819"]
[Site "Germany"]
[Date "2019.01.20"]
[Round "5.4"]
[White "Fritsche, Lutz"]
[Black "Cicak, Slavko"]
[Result "1-0"]
[WhiteElo "2284"]
[BlackElo "2491"]
[PlyCount "93"]
[EventDate "2018.11.21"]
[EventType "team-tourn"]
[EventRounds "9"]
[EventCountry "GER"]
[SourceTitle "CBM 190 Extra"]
[Source "ChessBase"]
[SourceDate "2019.07.15"]
[SourceVersion "1"]
[SourceVersionDate "2019.07.15"]
[SourceQuality "1"]
[WhiteTeam "Koblenz"]
[BlackTeam "Mainz Schott"]
[WhiteTeamCountry "GER"]
[BlackTeamCountry "GER"]

1. e4 c5 2. Nc3 e6 3. g3 Nc6 4. Bg2 Bd6 5. Nge2 Nge7 6. d4 cxd4 7. Nxd4 Bb8 8. Be3 a6 9. Qe2 b5 10. 0-0 Bb7 11. Rad1 0-0 12. Rfe1 Qc7 13. Nb3 Ne5 14. Bc5 Re8 15. a4 bxa4 16. Nxa4 Nc8 17. f4 d6 18. Bf2 Nc4 19. Rd4 Na5 20. Rb4 Nxb3 21. Rxb3 Ba7 22. Bxa7 Rxa7 23. Qf2 Bc6 24. Rc3 Qb7 25. b3 Bxa4 26. bxa4 Qb4 27. Rc6 Ra8 28. e5 d5 29. f5 Qb7 30. fxe6 fxe6 31. Rf1 Na7 32. Rb6 Qd7 33. Rd6 Qc7 34. Bh3 h6 35. Bxe6+ Kh8 36. Bxd5 Rad8 37. c4 Nc8 38. Rxd8 Rxd8 39. Qf4 Ne7 40. e6 Qc5+ 41. Rf2 Nxd5 42. cxd5 Rxd5 43. Qf8+ Kh7 44. e7 Rd1+ 45. Kg2 Qd5+ 46. Qf3 Qxf3+ 47. Kxf3 1-0

[Event "BL2-West 1718"]
[Site "Germany"]
[Date "2018.03.18"]
[Round "8.3"]
[White "Schlecht, Daniel"]
[Black "Cicak, Slavko"]
[Result "1/2-1/2"]
[WhiteElo "2378"]
[BlackElo "2512"]
[PlyCount "37"]
[EventDate "2017.10.08"]
[EventType "team-tourn"]
[EventRounds "9"]
[EventCountry "GER"]
[SourceTitle "CBM 183 Extra"]
[Source "ChessBase"]
[SourceDate "2018.04.19"]
[SourceVersion "1"]
[SourceVersionDate "2018.04.19"]
[SourceQuality "1"]
[WhiteTeam "Solingen"]
[BlackTeam "Schott Mainz"]
[WhiteTeamCountry "GER"]
[BlackTeamCountry "GER"]

1. d4 g6 2. c4 Bg7 3. Nf3 c5 4. d5 d6 5. h3 e6 6. e4 exd5 7. cxd5 Nf6 8. Nc3 0-0 9. Bd3 b5 10. Bxb5 Nxe4 11. Nxe4 Qa5+ 12. Nfd2 Qxb5 13. Nxd6 Qd3 14. N2c4 Qxd1+ 15. Kxd1 Ba6 16. Kc2 Nd7 17. Bf4 Nf6 18. Rad1 Rfd8 19. b3 1/2-1/2

[Event "BL2-West 1718"]
[Site "Germany"]
[Date "2017.10.08"]
[Round "1.3"]
[White "Scholz, Christian"]
[Black "Cicak, Slavko"]
[Result "1/2-1/2"]
[WhiteElo "2375"]
[BlackElo "2512"]
[PlyCount "97"]
[EventDate "2017.10.08"]
[EventType "team-tourn"]
[EventRounds "9"]
[EventCountry "GER"]
[SourceTitle "CBM 183 Extra"]
[Source "ChessBase"]
[SourceDate "2018.04.19"]
[SourceVersion "1"]
[SourceVersionDate "2018.04.19"]
[SourceQuality "1"]
[WhiteTeam "Dortmund Hansa"]
[BlackTeam "Schott Mainz"]
[WhiteTeamCountry "GER"]
[BlackTeamCountry "GER"]

1. d4 Nf6 2. c4 g6 3. Nc3 Bg7 4. e4 0-0 5. Nf3 d6 6. Be2 c5 7. 0-0 Bg4 8. d5 Nbd7 9. Ne1 Bxe2 10. Qxe2 Re8 11. Nd3 e6 12. dxe6 Rxe6 13. Nf4 Re8 14. f3 Ne5 15. Be3 Qb6 16. Rac1 Nc6 17. Rfd1 Nd4 18. Qf2 Nd7 19. Nfe2 Nxe2+ 20. Qxe2 Ne5 21. b3 Nc6 22. Qd2 Nd4 23. Bg5 Qc6 24. Nd5 Re6 25. Kh1 Rae8 26. Re1 b6 27. Qf4 f6 28. Bxf6 Rf8 29. Bxd4 Rxf4 30. Nxf4 Re8 31. Bxg7 Kxg7 32. Rcd1 Rb8 33. a4 a6 34. Rd5 b5 35. axb5 axb5 36. Red1 Rb6 37. Ne6+ Kf6 38. e5+ dxe5 39. Nxc5 Kg7 40. Nd7 Rb7 41. Nxe5 Qe6 42. cxb5 Ra7 43. h3 Ra1 44. Rxa1 Qxd5 45. f4 Qxb5 46. Kh2 Qxb3 47. Ra7+ Kg8 48. Ra8+ Kg7 49. Ra7+ 1/2-1/2

[Event "BL2-Sued 1617"]
[Site "Germany"]
[Date "2017.01.15"]
[Round "4.4"]
[White "Cicak, Slavko"]
[Black "Bojkov, Dejan"]
[Result "1/2-1/2"]
[WhiteElo "2509"]
[BlackElo "2478"]
[PlyCount "38"]
[EventDate "2016.10.16"]
[EventType "team-tourn"]
[EventRounds "9"]
[EventCountry "GER"]
[SourceTitle "EXT 2018"]
[Source "ChessBase"]
[SourceDate "2017.10.13"]
[SourceVersion "1"]
[SourceVersionDate "2017.10.13"]
[SourceQuality "1"]
[WhiteTeam "Schott Mainz"]
[BlackTeam "Untergrombach"]
[WhiteTeamCountry "GER"]
[BlackTeamCountry "GER"]

1. e4 e5 2. Nf3 Nc6 3. Bb5 Nd4 4. Nxd4 exd4 5. 0-0 Bc5 6. Qh5 Qe7 7. d3 Nf6 8. Qh4 c6 9. Bc4 d5 10. exd5 Nxd5 11. Qg3 0-0 12. Bxd5 cxd5 13. Bf4 Re8 14. Nd2 Bf5 15. Nb3 b6 16. Rae1 Qd7 17. h4 Bg4 18. Rxe8+ Rxe8 19. Nd2 Bh5 1/2-1/2

[Event "BL2-Sued 1617"]
[Site "Germany"]
[Date "2016.12.04"]
[Round "3.2"]
[White "Baklan, Vladimir"]
[Black "Cicak, Slavko"]
[Result "1-0"]
[WhiteElo "2609"]
[BlackElo "2509"]
[PlyCount "69"]
[EventDate "2016.10.16"]
[EventType "team-tourn"]
[EventRounds "9"]
[EventCountry "GER"]
[SourceTitle "EXT 2018"]
[Source "ChessBase"]
[SourceDate "2017.10.13"]
[SourceVersion "1"]
[SourceVersionDate "2017.10.13"]
[SourceQuality "1"]
[WhiteTeam "Emmendingen"]
[BlackTeam "Schott Mainz"]
[WhiteTeamCountry "GER"]
[BlackTeamCountry "GER"]

1. e4 c5 2. Nf3 d6 3. d4 cxd4 4. Nxd4 Nc6 5. Nc3 Nf6 6. Bg5 a6 7. Qd2 Bd7 8. Bxf6 gxf6 9. f4 Qb6 10. Nf5 e6 11. Ne3 Qxb2 12. Rb1 Qa3 13. Nc4 Qc5 14. Na4 Qd4 15. Bd3 f5 16. c3 Qa7 17. Ncb6 Rd8 18. exf5 Ne7 19. Nxd7 Rxd7 20. Nb6 Rc7 21. f6 Nc8 22. Nxc8 Rxc8 23. Ke2 d5 24. a4 Bd6 25. f5 Kd7 26. fxe6+ fxe6 27. Qh6 Bf8 28. Qh5 Rc7 29. Rb3 Bd6 30. Rhb1 Kd8 31. Rb6 Rd7 32. Qh6 Kc8 33. f7 Bc5 34. Qxe6 Rf8 35. Rxb7 1-0

[Event "BL2-Sued 1617"]
[Site "Germany"]
[Date "2016.10.16"]
[Round "1.3"]
[White "Cicak, Slavko"]
[Black "Lagarde, Maxime"]
[Result "1/2-1/2"]
[WhiteElo "2511"]
[BlackElo "2593"]
[PlyCount "63"]
[EventDate "2016.10.16"]
[EventType "team-tourn"]
[EventRounds "9"]
[EventCountry "GER"]
[SourceTitle "CBM 175 Extra"]
[Source "ChessBase"]
[SourceDate "2016.12.12"]
[SourceVersion "1"]
[SourceVersionDate "2016.12.12"]
[SourceQuality "1"]
[WhiteTeam "Schott Mainz"]
[BlackTeam "Deizisau"]
[WhiteTeamCountry "GER"]
[BlackTeamCountry "GER"]

1. e4 c5 2. Nf3 Nc6 3. Bb5 e6 4. 0-0 Nge7 5. b3 a6 6. Bxc6 Nxc6 7. Bb2 b5 8. a4 b4 9. d4 cxd4 10. Nxd4 Qf6 11. Ra2 Nxd4 12. Bxd4 Qg6 13. Nd2 Bb7 14. f3 d5 15. e5 h5 16. f4 Qf5 17. Qf3 Be7 18. Nc4 0-0 19. Nb6 Rad8 20. Qd3 Qe4 21. Raa1 f6 22. exf6 Qxd3 23. cxd3 Bxf6 24. Bxf6 Rxf6 25. Rac1 e5 26. a5 exf4 27. Rc7 Bc6 28. Rc1 Bb5 29. Rc8 Rxc8 30. Rxc8+ Kh7 31. Nxd5 Rd6 32. Rc5 1/2-1/2

[Event "SWE-chT 1516"]
[Site "Sweden"]
[Date "2016.03.19"]
[Round "8.4"]
[White "Cicak, Slavko"]
[Black "Grandelius, Nils"]
[Result "0-1"]
[WhiteElo "2504"]
[BlackElo "2644"]
[PlyCount "58"]
[EventDate "2015.11.06"]
[EventType "team-tourn"]
[EventRounds "9"]
[EventCountry "SWE"]
[SourceTitle "EXT 2017"]
[Source "ChessBase"]
[SourceDate "2016.10.25"]
[SourceVersion "1"]
[SourceVersionDate "2016.10.25"]
[SourceQuality "1"]
[WhiteTeam "Kungstornet"]
[BlackTeam "Eksjo"]
[WhiteTeamCountry "SWE"]
[BlackTeamCountry "SWE"]

1. c4 e6 2. Nf3 d5 3. e3 Nf6 4. b3 b6 5. Bb2 Bb7 6. cxd5 exd5 7. Bb5+ c6 8. Be2 Bd6 9. d3 0-0 10. 0-0 Re8 11. Nbd2 c5 12. d4 Nc6 13. Nb1 Rc8 14. dxc5 bxc5 15. Nc3 d4 16. Nb5 Bb8 17. exd4 a6 18. Na3 Nxd4 19. Nxd4 cxd4 20. Bf3 Bxf3 21. Qxf3 Ne4 22. Nc4 Rc6 23. g3 Rf6 24. Qg2 Ba7 25. Rad1 Rxf2 26. Rxf2 d3 27. Kf1 Nxf2 28. Rd2 Qe7 29. Be5 Ng4 0-1

[Event "SWE-chT 1516"]
[Site "Sweden"]
[Date "2016.03.18"]
[Round "7.3"]
[White "Rozentalis, Eduardas"]
[Black "Cicak, Slavko"]
[Result "1/2-1/2"]
[WhiteElo "2553"]
[BlackElo "2504"]
[PlyCount "63"]
[EventDate "2015.11.06"]
[EventType "team-tourn"]
[EventRounds "9"]
[EventCountry "SWE"]
[SourceTitle "EXT 2017"]
[Source "ChessBase"]
[SourceDate "2016.10.25"]
[SourceVersion "1"]
[SourceVersionDate "2016.10.25"]
[SourceQuality "1"]
[WhiteTeam "Manhem"]
[BlackTeam "Kungstornet"]
[WhiteTeamCountry "SWE"]
[BlackTeamCountry "SWE"]

1. e4 c5 2. Nf3 g6 3. g3 Bg7 4. Bg2 Nf6 5. Qe2 Nc6 6. c3 d6 7. 0-0 Bg4 8. h3 Bxf3 9. Bxf3 h5 10. Bg2 h4 11. g4 e5 12. d3 Nh7 13. f4 exf4 14. Bxf4 0-0 15. Nd2 Ng5 16. Kh1 Ne6 17. Be3 Kh7 18. Nf3 Ne5 19. Rad1 Bh6 20. Bg1 Nf4 21. Qc2 Qe7 22. Bh2 Nxf3 23. Rxf3 Ne6 24. Qf2 Bg7 25. d4 cxd4 26. cxd4 Rac8 27. e5 dxe5 28. dxe5 Kg8 29. Rf1 b6 30. Rd3 Qg5 31. Rd7 Rc7 32. Rxc7 1/2-1/2